000 00478cam a2200145 4500500
005 20260329013330.0
041 _afre
042 _adc
100 1 0 _aMalamoud, Charles
_eauthor
245 0 0 _aA l’articulation de la nature et de la cultureĀ : le rite
260 _c1985.
500 _a8
786 0 _nLe Genre humain | 12 | 1 | 1985-03-21 | p. 233-246 | 0293-0277
856 4 1 _uhttps://shs.cairn.info/revue-le-genre-humain-1985-1-page-233?lang=fr&redirect-ssocas=7080
999 _c1879234
_d1879234